|
|
|
|
| LEADER |
00829nam a2200229 a 4500 |
| 001 |
c000004695 |
| 003 |
CARM |
| 005 |
00000000000000.0 |
| 008 |
871221s1965 enk 00011 eng d |
| 019 |
1 |
|
|a 3515949
|z 24336922
|5 LACONCORD2021
|
| 035 |
|
|
|a (OCoLC)5162703
|5 LACONCORD2021
|
| 040 |
|
|
|a SFU
|c SFU
|
| 043 |
|
|
|a e-ur---
|
| 100 |
1 |
|
|a Tarsis, Valerii.
|
| 245 |
1 |
0 |
|a Ward 7 :
|b an autobiographical novel /
|c Valery Tarsis ; translated by Katya Brown.
|
| 260 |
|
|
|a London :
|b Collins and Harvill Pr.,
|c 1965.
|
| 300 |
|
|
|a 159 p. ;
|c 20 cm.
|
| 700 |
1 |
|
|a Brown, Katya.
|
| 852 |
8 |
|
|b CARM
|h A2:AM06G0
|i A00999
|p 0106947
|f BK
|
| 082 |
0 |
4 |
|a 891.734
|2 19
|
| 999 |
f |
f |
|i 88045d9d-3842-55a0-aa30-9e7e210901bc
|s 21af60cb-369a-5def-ad11-270c8627cb17
|
| 952 |
f |
f |
|p Can circulate
|a CAVAL
|b CAVAL
|c CAVAL
|d CARM 1 Store
|e A00999
|f A2:AM06G0
|h Other scheme
|i book
|m 0106947
|